000 00436nam a2200181Ia 4500
001 14355
005 20260306164908.0
008 260306t1994||||xx |||||||||||||| ||spa||
041 _aESP
082 _a512.5
_bG82
100 _aGrossman, Stanley I.,
_eAUT
245 0 _aElementary linear algebra
260 _c1994
300 _axx, 634, 119, 5 páginas :
_c24 cm.
650 _aGEN
654 _aCMA
942 _cLIB
_dJUS
_fJUS
_2ddc
_n
999 _c14355
_d14355